000
00213nam a22000857a 4500
008
160713b xxu||||| |||| 00| 0 eng d
100
_9
2737
_a
Bayly, J
245
_a
Winter Flight
260
_a
Eastbourne
_b
Kingsway
_c
1981
999
_c
2377
_d
2377